| 000 | 00513nam a2200181Ia 4500 | ||
|---|---|---|---|
| 001 | 10123 | ||
| 005 | 20260306161808.0 | ||
| 008 | 260306t1981||||xx |||||||||||||| ||spa|| | ||
| 041 | _aESP | ||
| 082 |
_a901 _bC28 |
||
| 100 |
_aCarr, E. H. _eAUT |
||
| 245 | 0 |
_a¿Qué es la historia?: _bconferencias George Macaulay Trevelyan dictadas en la Universidad de Cambridge en enero-marzo de 1961 |
|
| 260 | _c1981 | ||
| 300 |
_a217 páginas : _c20 cm. |
||
| 650 | _aGEN | ||
| 654 | _aCHU | ||
| 942 |
_cLIB _dJUS _fJUS _2ddc _n |
||
| 999 |
_c10123 _d10123 |
||